Tableau perpétuel des médailles olympiques - Sports de combat - Statistiques

Statistiques générales
  • Ce quiz a été pris 191 fois
  • Le résultat moyen est 22 sur 30
Statistiques - réponses
Pays O A B Total % Correct
États-Unis 116 89 112 317
99%
France 71 72 89 232
99%
Chine 25 22 32 79
98%
Japon 90 46 51 187
98%
Allemagne 20 42 54 116
96%
Allemagne de l'Ouest 10 16 13 39
96%
Russie 69 36 59 164
94%
Italie 78 70 75 223
92%
URSS 108 78 80 266
91%
Grande Bretagne 26 38 53 117
88%
Corée du Sud 42 41 57 140
86%
Canada 6 17 20 43
84%
Yougoslavie 7 8 14 29
80%
Allemagne de l'Est 8 8 14 30
77%
Pologne 20 30 50 100
72%
Roumanie 13 25 44 82
71%
Cuba 63 45 50 158
70%
Suède 30 35 39 104
70%
Ukraine 10 13 23 46
70%
Hongrie 69 46 62 177
69%
Turquie 32 25 31 88
69%
Bulgarie 22 38 34 94
63%
Argentine 9 7 12 28
60%
Finlande 28 29 42 99
60%
Kazakhstan 8 14 26 48
56%
Iran 14 16 24 54
52%
Corée du Nord 7 7 12 26
51%
Géorgie 7 11 14 32
47%
Ouzbékistan 8 6 17 31
47%
Azerbaïdjan 6 13 25 44
37%
Aucun quiz correspondant
Distribution des résultats
% des personnes avec chaque résultat
Percentile par nombre de réponses
Votre historique - résultats
Vous n’avez pas pris ce quiz